01332nam a22002897a 4500003000900000005001700009007000300026008004100029020001800070040002500088082002100113100002800134245009600162260005500258300003900313500006400352590002900416650002400445650003000469700004400499910004700543942001400590952013700604952014200741952014200883999001701025DO-SdBNP20240510073820.0ta210303b 2020 dr ac||||| |||| 00| 0 eng d a9789945912289 aDO-SdBNPbspacBNPHU 4a248.4bT683c2221 aToribio, David, 97799210aCultivando la humildad /cDavid Antonio Toribio Sánchez ; prólogo Miguel Feliz Gómez. aSanto Domingo : bPublicaciones Libertad, c2020. a103 p. : bil., retrs. ; c21 cm.  aIncluye datos biográficos del autor en la contracubierta. aInventariado, 2021 /LP  0aVida cristiana9668 4aÉtica espiritual9803341 aFeliz Gómez, Miguel, epról.977993 aLopérez/Validado. Control de calidad MFF 2ddccLBS1 00102ddc51708MOaBNPHUbPDcHDd2021-03-03eDepósito Legal l0oBNPHU PD 248.4 T683cp2021-0551r2021-03-03w2021-03-03yLBS1 00102ddc51708MOaBNPHUbPDcHDd2021-03-03eDepósito Legal l0oBNPHU PD 248.4 T683cp2021-0552r2021-03-03te. 2w2021-03-03yLBS1 00102ddc56708MOaBNPHUbDOcHDd2021-03-03eDepósito Legal l0oBNPHU DS 248.4 T683cp2021-0553r2021-03-03te. 3w2021-03-03yLBS1 c49485d49485